Downton Abbey (Upstairs) : Personnages - Statistiques

Statistiques générales
  • Ce quiz a été pris 375 fois
  • Le résultat moyen est 13 sur 15
Statistiques - réponses
Hint Explanation Réponse % Correct
Belle mais hautaine et snob, elle doit impérativement épouser l'héritier pour conserver le domaine dans la famille Fille aînée du Comte, ne pouvant hériter à cause d'une clause d'intail Mary Crawley
100%
Comte en titre. Il lutte pour conserver le domaine malgré les difficultés financière Lord Grantham, père de 3 filles Robert Crawley
97%
Le vilain petit canard de la famille. Elle essaie d'exister auprès de sa trop charmante et méprisante soeur Seconde fille du comte Edith Crawley
95%
Juriste charmant. Hérite à sa grande surprise du domaine Cousin éloigné Matthew Crawley
92%
Venue d'Amérique 30 ans auparavant pour épouser le Comte, sa fortune a sauvé le domaine Mère de 3 filles Cora Levington Crawley
91%
Le médecin de l’hôpital local, médecin de la famille Reçu au château, mais n'appartient pas à la gentry Richard Clarckson
91%
Esprit ouvert au monde et aux idées modernes. Elle fait des études d'infirmière puis sert pendant la guerre Troisième fille du Comte Sybil Crawley
91%
Parachutée au village par l'héritage de son fils, elle est la seule à tenir tête à la comtesse douairière Mère de Matthew, veuve d'un médecin Isobel Crawley
90%
Vieille dame à l'esprit vif et caustique. Témoin d'une époque révolue Comtesse douairière, mère du Comte Violet Crawley
89%
Petite cousine solitaire, séjournant au château jusqu'à son mariage Son père, cousin du Comte, est nommé aux Indes Rose McClare
86%
Séduisant coureur automobile, noble mais peu fortuné Second époux de Mary Henry Talbot
85%
Veuve, sa demeure londonienne sert de pied à terre à toute la famille Sœur du Comte, fille de Violet Rosamund Crawley Painswick
84%
Riche veuve américaine, qui ne s'en laisse pas conter.. Mère de Cora Martha Levinson
83%
Petite fille orpheline de mère, élevée entre deux classes sociales Fille de Sybil et Tom Sybbie Branson
82%
Intendant d'un domaine important, dont il finit par hériter à la mort inattendue de son cousin Il épousera Edith Bertie Pelham
67%
Aucun quiz correspondant
Distribution des résultats
% des personnes avec chaque résultat
Percentile par nombre de réponses
Votre historique - résultats
Vous n’avez pas pris ce quiz